20 Random World Capitals - Statistics

General Stats
  • This quiz has been taken 10,050 times
  • The average score is 15 of 20
Answer Stats
Country Capital City % Correct
China Beijing
100%
India New Delhi
100%
Greece Athens
99%
Brazil Brasília
99%
France Paris
99%
Vatican City Vatican City
98%
Germany Berlin
97%
United Kingdom London
97%
Spain Madrid
97%
Mexico Mexico City
97%
Italy Rome
97%
Japan Tokyo
97%
United States Washington D.C.
97%
Netherlands Amsterdam
96%
Switzerland Bern
96%
Belgium Brussels
96%
Ireland Dublin
96%
Russia Moscow
96%
Canada Ottawa
96%
Austria Vienna
96%
Hungary Budapest
95%
Finland Helsinki
95%
Ukraine Kiev
95%
Philippines Manila
95%
Turkey Ankara
94%
Argentina Buenos Aires
94%
San Marino San Marino
94%
New Zealand Wellington
94%
Australia Canberra
93%
Czech Republic Prague
93%
Singapore Singapore
93%
Sweden Stockholm
93%
Poland Warsaw
93%
Thailand Bangkok
92%
Romania Bucharest
92%
Egypt Cairo
92%
Denmark Copenhagen
92%
Pakistan Islamabad
92%
Peru Lima
92%
Portugal Lisbon
92%
Luxembourg Luxembourg
92%
Norway Oslo
92%
South Korea Seoul
92%
Colombia Bogotá
91%
Vietnam Hanoi
91%
Monaco Monaco
91%
Panama Panama City
91%
North Macedonia Skopje
91%
Estonia Tallinn
91%
Guatemala Guatemala City
90%
Cuba Havana
90%
Jamaica Kingston
90%
Uruguay Montevideo
90%
South Africa Pretoria / Cape Town / Bloemfontein
90%
North Korea Pyongyang
90%
Iceland Reykjavík
90%
Chile Santiago
90%
Taiwan Taipei
90%
Tunisia Tunis
90%
Lebanon Beirut
89%
Venezuela Caracas
89%
Bolivia La Paz / Sucre
89%
Algeria Algiers
88%
Iraq Baghdad
88%
Malaysia Kuala Lumpur
88%
Kuwait Kuwait City
88%
Croatia Zagreb
88%
Andorra Andorra la Vella
87%
Indonesia Jakarta
87%
Saudi Arabia Riyadh
87%
Bosnia and Herzegovina Sarajevo
87%
Iran Tehran
87%
Liechtenstein Vaduz
87%
Latvia Riga
86%
United Arab Emirates Abu Dhabi
85%
Slovakia Bratislava
85%
Israel Jerusalem
85%
Belarus Minsk
85%
Ecuador Quito
85%
Lithuania Vilnius
85%
Djibouti Djibouti
84%
Qatar Doha
84%
Afghanistan Kabul
84%
Morocco Rabat
84%
Bulgaria Sofia
84%
Mongolia Ulaanbaatar
84%
Guinea-Bissau Bissau
83%
Slovenia Ljubljana
83%
El Salvador San Salvador
83%
Serbia Belgrade
82%
Nepal Kathmandu
82%
Kenya Nairobi
82%
Azerbaijan Baku
81%
Haiti Port-au-Prince
81%
Malta Valletta
81%
Sudan Khartoum
80%
Bahamas Nassau
80%
Montenegro Podgorica
80%
Uzbekistan Tashkent
80%
Armenia Yerevan
80%
Ethiopia Addis Ababa
79%
Costa Rica San José
79%
São Tomé and Príncipe São Tomé
79%
Paraguay Asunción
78%
Bangladesh Dhaka
78%
Cyprus Nicosia
78%
Kosovo Pristina
78%
Albania Tirana
78%
Cambodia Phnom Penh
77%
Yemen Sana'a
77%
Georgia Tbilisi
77%
Nigeria Abuja
76%
Senegal Dakar
76%
Guyana Georgetown
76%
Papua New Guinea Port Moresby
76%
Moldova Chișinău
75%
Syria Damascus
75%
Democratic Republic of the Congo Kinshasa
75%
Maldives Malé
75%
Kazakhstan Nur-Sultan
75%
Ghana Accra
74%
Jordan Amman
74%
Dominican Republic Santo Domingo
74%
Libya Tripoli
74%
Namibia Windhoek
73%
Madagascar Antananarivo
72%
Zimbabwe Harare
72%
Oman Muscat
72%
Sierra Leone Freetown
71%
Nicaragua Managua
70%
Honduras Tegucigalpa
70%
Laos Vientiane
70%
Eritrea Asmara
69%
East Timor Dili
69%
Bahrain Manama
69%
Suriname Paramaribo
69%
Belize Belmopan
68%
Rwanda Kigali
67%
Somalia Mogadishu
67%
Fiji Suva
67%
Brunei Bandar Seri Begawan
66%
Tajikistan Dushanbe
66%
Angola Luanda
66%
Seychelles Victoria
66%
Kyrgyzstan Bishkek
65%
Barbados Bridgetown
65%
Chad N'Djamena
65%
Burkina Faso Ouagadougou
65%
Trinidad and Tobago Port-of-Spain
65%
Sri Lanka Sri Jayawardenepura Kotte
65%
Myanmar Naypyidaw
64%
South Sudan Juba
63%
Uganda Kampala
63%
Bhutan Thimphu
63%
Cameroon Yaoundé
63%
Antigua and Barbuda Saint John's
62%
Republic of the Congo Brazzaville
60%
Guinea Conakry
60%
Samoa Apia
58%
Turkmenistan Ashgabat
58%
Tanzania Dodoma
58%
Zambia Lusaka
58%
Mauritius Port Louis
58%
Dominica Roseau
58%
Central African Republic Bangui
57%
Togo Lomé
57%
Equatorial Guinea Malabo
57%
Niger Niamey
56%
Tuvalu Funafuti
55%
Botswana Gaborone
55%
Saint Vincent and the Grenadines Kingstown
55%
Malawi Lilongwe
55%
Marshall Islands Majuro
55%
Mozambique Maputo
55%
Lesotho Maseru
55%
Grenada Saint George's
55%
Gabon Libreville
54%
Benin Porto-Novo / Cotonou
54%
Gambia Banjul
53%
Liberia Monrovia
53%
Comoros Moroni
53%
Vanuatu Port Vila
52%
Saint Kitts and Nevis Basseterre
51%
Burundi Gitega
51%
Nauru Yaren
51%
Mali Bamako
50%
Saint Lucia Castries
50%
Solomon Islands Honiara
50%
Palau Ngerulmud
50%
Mauritania Nouakchott
50%
Tonga Nukuʻalofa
50%
Cape Verde Praia
50%
Federated States of Micronesia Palikir
48%
Kiribati South Tarawa
47%
Ivory Coast Yamoussoukro
47%
Eswatini Mbabane
45%
No matching quizzes found
Score Distribution
Percent of People with Each Score
Percentile by Number Answered
Your Score History
You have not taken this quiz